000 00685nam a2200277Ia 4500
005 20260324153521.0
008 008 260324s9999 xx 000 0 eng d
020 _a9780122270550
037 _aEBOOK
040 _aCRL
040 _beng
040 _cCRL
041 _2eng
041 _aeng
084 _qCRL
100 _aBenjamin Caballero
_91231601
245 0 _aEncyclopedia of Food Sciences and Nutrition (Second Edition)
250 _a2
260 _bElsevier
260 _c2003
650 _aAgricultural
856 _uhttps://www.sciencedirect.com/science/referenceworks/9780122270550
942 _cEBOOK
999 _c1843204
_d1843204